00982cam a22002411 4500001001300000003000400013005001700017008004100034010001700075035002000092040004100112042001200153050001900165245005300184260003400237300002500271500006600296505027000362600003800632650001100670730004400681999001500725af 48003512 DLC20260227110902.0850619s1944 gw c 000 0bger c aaf 48003512  a(OCoLC)12174434 aSibley Musical LibrarycNRU-MusdDLC apremarc00aML410.P32bH2900aHans Pfitzner zum 75. Geburtstag am 5. Mai 1944. aKöln,bP.J. Tonger,c[1944] a15 p.bport.c21 cm. aSpecial number of the Marburger studentische Kulturblätter.0 aZum 75. Geburtstag Hans Pfitzners, von Ludwig Schrott.--Hans Pfitzners Vermächtnis an die Jugend, von Richard Schaal.--Studentische Musikwoche in Marburg-Lahn, von F. Freund.--Verzeichnis der Werke Hans Pfitzners (p. 12-14)--Buchbesprechungen, von Richard Schaal.10aPfitzner, Hans Erich,d1869-1949. 0aMusic.0 aMarburger studentische Kulturblätter. c5629d5629